000 00794nam a2200205 a 4500
001 BRCA_8835
005 20190320210430.0
008 050517s1785----it-#######---#000-0#lat-#
041 _alat
044 _ait
084 _aBE216
_b.H46 1785
100 1 _aHenno, Franz
_922016
245 1 0 _aRev. Patr. Fr. Francisci Henno Theologia dogm. moral. et scholast in gratiam & juvamen studios Juventutis franciscana F.F. Minor Recollectorum, Tomus quartus, complectens tractatus de decalogi prae ceptis.
260 _aVenetiis
_bSumpt. Haeredis Nicolai Pezzana
_c1785
300 _a502 p . (t.4)
_c17.5 x 10 cm.
500 _aEstado físico: presenta encuadernación en pergamino con cintas rotas
650 1 4 _aTeología doctrinal
_yObras anteriores a 1800
_922017
902 _aCFM
942 _2lcc
_cB
999 _c8486
_d8486